000 01130nam a2200313 c 4500
001 13596
003 ES-MaCES
005 20190511040007.0
008 020422s2002 sp rt o000 | spa d
035 _aCES20020005836m
040 _aES-MaCES
_bspa
_cES-MaCES
245 0 0 _aProyecto de Presupuestos Generales del Estado 2002
_hRecurso electrónico
_cMinisterio de Economía
260 _a[Madrid]
_bEl Ministerio
_c[2002]
300 _a1 CD-ROM
_c13 cm
500 _aTít. tomado del verso de la etiqueta del CD-ROM
500 _aCaracterísticas del sistema: ordenador con navegador de internet y visor de archivos PDF
541 _cGratuito
650 4 _apresupuesto nacional
_928073
650 4 _aEspaña
_926964
650 4 _ainforme de proyecto
_928985
650 4 _aCD ROM
_930331
650 4 _a2002
_936519
653 1 0 _aHacienda Pública
710 2 _aEspaña
_bMinisterio de Economía
_93234
787 0 _tPresentación del Proyecto de Presupuestos Generales del Estado 2001
_w(ES-MaCES)11194
902 _aELE PUB. ELECTRONICA
942 _2CES
_cBK
_h0.1.
999 _c13596
_d13596